000 00896nam a2200253Ia 4500
003 OSt
005 20220923214148.0
006 a|||||r|||| 00| 0
007 ta
008 220922b |||||||| |||| 00| 0 hin d
024 _a167,489
037 _cTextual
040 _aARTS
_cARTS
_bhin
041 _2hin
_ahin
082 _aO152,1H32,1:g(Y), L3
100 _aशर्मा, ज्ञान चन्द्र
245 0 _aचन्दायन का सांस्कृतिक परिवेश
246 _aChandāyan kā sāanskṛutik parivesha
260 _aपटियाला
_b विशाल प्रकाशन
_c1973
300 _a202 पृ.
_ccm.
650 _aहिन्दी साहित्य
_9156264
942 _hO152,1H32,1:g(Y), L3
_cTEXL
_2CC
999 _c321959
_d321959